| 000 | 00000nam 2200000zi 4500 |
| 001 | 9.927219 |
| 003 | CaOODSP |
| 005 | 20240628132724 |
| 006 | m o d f |
| 007 | cr |n||||||||| |
| 008 | 230830e199006##qucdab ob f|0| 0 fre d |
| 040 | |aCaOODSP|bfre|erda|cCaOODSP |
| 043 | |an-cn-qu |
| 086 | 1 |aEn40-1104/1990F-PDF |
| 245 | 00|aCaractérisation de la qualité des sédiments du Port de Québec : |brapport final / |csoumis à la direction de Conservation et Protection, Environnement Canada par Procéan. |
| 264 | 1|a[MontreĢal] : |bEnvironnement Canada, Conservation et Protection, |cjuin 1990. |
| 300 | |a1 ressource en ligne (2 tomes) : |bcartes, graphiques, illustrations |
| 336 | |atexte|btxt|2rdacontent/fre |
| 337 | |ainformatique|bc|2rdamedia/fre |
| 338 | |aressource en ligne|bcr|2rdacarrier/fre |
| 500 | |aÉdition numérisée de l’imprimé [par Environnement et changement climatique Canada]. |
| 504 | |aComprend des références bibliographiques (pages [125-132]). |
| 650 | 0|aSediments (Geology)|xSampling. |
| 650 | 0|aContaminated sediments|zQuébec (Province) |
| 650 | 6|aSédiments (Géologie)|xÉchantillonnage. |
| 650 | 6|aSédiments contaminés|zQuébec (Province) |
| 710 | 1 |aCanada.|bEnvironnement Canada. |bConservation et Protection, |eorganisme de publication. |
| 710 | 1 |aProcéan Inc., |econsultant. |
| 856 | 40|qPDF|s10.34 Mo|uhttps://publications.gc.ca/collections/collection_2024/eccc/en40/En40-1104-1990-1-fra.pdf|zTome 1 |
| 856 | 40|qPDF|s3.54 Mo|uhttps://publications.gc.ca/collections/collection_2024/eccc/en40/En40-1104-1990-2-fra.pdf|zTome 2 |